|
|
|
|
| LEADER |
00000nab a2200000 ur4500 |
| 001 |
vtls012015469 |
| 003 |
SK-MaSNL |
| 005 |
20260304211847.0 |
| 008 |
210222c2016 xo |r|p|||ab |000 b|slo |
| 015 |
|
|
|a SNBRB2021/02
|
| 038 |
|
|
|a SPK
|
| 040 |
|
|
|a SPKCL
|b slo
|e rda
|
| 041 |
0 |
|
|a slo
|b slo
|
| 044 |
|
|
|a xo
|c SK
|
| 072 |
|
7 |
|a 37
|x Výchova a vzdelávanie
|2 konspekt
|
| 072 |
|
7 |
|a 612
|x Fyziológia človeka a porovnávacia fyziológia
|2 konspekt
|
| 072 |
|
7 |
|a 159.92
|x Vývinová psychológia. Psychológia osobnosti
|2 konspekt
|
| 080 |
|
|
|a 37.04
|2 2011
|
| 080 |
|
|
|a 612.063
|2 2011
|
| 080 |
|
|
|a 159.922
|2 2011
|
| 100 |
1 |
|
|a Bieliková, Veronika,
|d 1991-
|4 aut
|9 211474
|
| 245 |
1 |
0 |
|a Stimulácia vývinu detí so špeciálnymi výchovno-vzdelávacími potrebami pomocou metódy Playwisely
|c Veronika Bieliková, Miroslava Bartoňová
|
| 336 |
|
|
|a text
|b txt
|2 rdacontent
|
| 337 |
|
|
|a počítač
|b c
|2 rdamedia
|
| 338 |
|
|
|a online zdroj
|b cr
|2 rdacarrier
|
| 504 |
|
|
|a Obsahuje bibliografiu
|
| 546 |
|
|
|a Slovenské resumé
|
| 650 |
0 |
7 |
|a špeciálne vzdelávacie potreby
|2 SNKPH
|9 167414
|
| 650 |
0 |
7 |
|a stimulácia
|2 SNKPH
|9 59862
|
| 650 |
0 |
7 |
|a vývoj dieťaťa
|2 SNKPH
|9 67528
|
| 650 |
0 |
7 |
|a metóda Playwisely
|2 spk
|9 1543582
|
| 700 |
1 |
|
|a Bartoňová, Miroslava,
|d 1965-
|4 aut
|9 246141
|
| 773 |
0 |
|
|t Juvenilia Paedagogica : aktuálne teoretické a výskumné otázky pedagogiky v konceptoch dizertačných prác doktorandov
|d Trnava : Trnavská univerzita, 2016
|g S. 17-21
|x 9788080829650
|
| 852 |
|
|
|a SPK
|b KIS3GCP
|
| 856 |
4 |
1 |
|u https://pdf.truni.sk/katedry/kps/veda-vyskum?juvenilia-paedagogica
|
| 958 |
|
|
|a NB
|
| 999 |
|
|
|c 3129366
|d 3131296
|